Záruka původu elektřiny - nástroj pro transparentní prokázaní původu spotřebované elektřiny zákazníkům
OTE (operátor trhu s elektrinou a plynom) vydáva od roku 2009 záruky pôvodu elektriny z obnoviteľných zdrojov energie a kombinovanej výroby elektriny a tepla a eviduje ich vo svojom informačnom systéme. OTE je členom Asociácie vydavateľov záruk pôvodu, tzv. European Energy Certificate system (EECS)....
Salvato in:
| Autore principale: | |
|---|---|
| Natura: | Capitolo di libro |
| Lingua: | ceco |
| Soggetti: | |
| Tags: |
Nessun Tag, puoi essere il primo ad aggiungerne!!
|
MARC
| LEADER | 00000naa a2200000 4500 | ||
|---|---|---|---|
| 001 | 0234557 | ||
| 005 | 20221104112257.0 | ||
| 041 | 0 | |a cze | |
| 044 | |a CZ | ||
| 245 | 1 | 0 | |a Záruka původu elektřiny - nástroj pro transparentní prokázaní původu spotřebované elektřiny zákazníkům |c Martin Štandera |
| 520 | |a OTE (operátor trhu s elektrinou a plynom) vydáva od roku 2009 záruky pôvodu elektriny z obnoviteľných zdrojov energie a kombinovanej výroby elektriny a tepla a eviduje ich vo svojom informačnom systéme. OTE je členom Asociácie vydavateľov záruk pôvodu, tzv. European Energy Certificate system (EECS). Životný cyklu záruky pôvodu. | ||
| 610 | 2 | 0 | |a elektrina |
| 610 | 2 | 0 | |a energetika |
| 610 | 2 | 0 | |a záruka |
| 610 | 2 | 0 | |a zdroje energie obnoviteľné |
| 610 | 2 | 0 | |a harmonizácia |
| 610 | 2 | 0 | |a transparentnosť |
| 100 | 1 | |a Štandera, Martin | |